000 00300nam a22001337a 4500
008 170609b xxu||||| |||| 00| 0 eng d
020 _a9780742567535
041 _aeng
080 _22ND
_a32
100 _a19
101 _aSHP
245 _aRUSSIA'S FOREIGN POLICY
_cTSYGANKOV,A.P
942 _2udc
_cBK
999 _c16766
_d16766